000 00624nam a2200205Ii 4500
003 JO-AjNU
008 230605s9999||||xx |||||||||||||| ||und||
040 _aJO-AjNU
_bara
_erda
_cJO-AjNU
041 _aara
050 1 4 _aJF1358.A7.I 8578
100 3 _aشرف ، إسماعيل ,
_eauthor
_913480
245 0 0 _aالادارة العامة
250 _a(د،ط)
264 3 1 _aالاسكندرية ، المكتب الجامعى الحديث
300 _a144ص
336 _atext
_btxt
_2rdacontent
337 _aunmediated
_bn
_2rdamedia
338 _avolume
_bnc
_2rdacarrier
650 4 _aادارة عامة
_913481
999 _aA3368
_c6936
_d6936